000 00296nam a22001337a 4500
008 170713b xxu||||| |||| 00| 0 eng d
020 _a0198750625
041 _aeng
080 _a17
100 _a24
101 _aFIL
245 _aTHE CONCEPT OF EVIDENCE
_cACHINSTEN.P
942 _2udc
_cBK
999 _c20584
_d20584